LEADER 01046nam0 2200277 450 001 000024383 005 20090313095302.0 010 $a88-495-1381-X 100 $a20090313d2006----km-y0itay50------ba 101 0 $aita 102 $aIT 105 $ay-------001yy 200 1 $aLobbying$eagire tra vincoli$fa cura di Piero Mastroberardino 210 $aNapoli$cEdizini Scientifiche Italiane$dc2006 215 $a309 p.$d24 cm 225 2 $aCollana Interdipartimentale di studi economici$fUniversità degli Studi di Foggia$v13 300 $aIn testa al front.: Dipartimento di scienze economico-aziendali, giuridiche, merceologiche e geografiche; Dipartimento di scienze economiche, matematiche e statistiche 410 0$12001$aCollana Interdipartimentale di studi economici 610 1 $aGruppi di pressione 676 $a324.4$v21 702 1$aMastroberardino,$bPiero 801 0$aIT$bUNIPARTHENOPE$c20090313$gRICA$2UNIMARC 912 $a000024383 951 $a324-L/1$b41224$cNAVA1$d2009 996 $aLobbying$91027492 997 $aUNIPARTHENOPE LEADER 00879nam0-2200289 --450 001 9910369459603321 005 20200206111531.0 010 $a978-88-575-5784-7 100 $a20200206d2019----kmuy0itay5050 ba 101 0 $aita 102 $aIT 105 $a 001yy 200 1 $aDopo le bombe$epiazza Fontana e l'uso pubblico della storia$fcon scritti di: Aldo Giannuli ... [et. al.]$gpostfazione di Mirco Dondi 210 $aMilano$aUdine$cMimesis$d2019 215 $a230 p.$d21 cm 225 1 $aMimesis. Passato prossimo$v56 610 0 $aStragi$aMilano$a1969 676 $a364.15230945211$v22$zita 702 1$aGiannuli,$bAldo 702 1$aDondi,$bMirco 801 0$aIT$bUNINA$gREICAT$2UNIMARC 901 $aBK 912 $a9910369459603321 952 $aCOLLEZ. 2455 (56)$b510/2020$fFSPBC 959 $aFSPBC 996 $aDopo le bombe$91577175 997 $aUNINA